000 00388cam a2200133 4500
082 0 0 _a658.8008 KUR
100 1 _aKurtz, David L.,
245 1 0 _aMarketing: concepts, issues, and viewpoints;
260 _a[Morristown, N.J.]
_bD. H. Mark Publications of General Learning Press
_c[1972]
300 _a393 p.
490 0 _aD. H. Mark series in marketing
650 0 _aMarketing.
942 _cBK
999 _c16934
_d16934